Statistics for County Seats Of Michigan

Click here to take the quiz!

General Stats

  • This quiz has been taken 33 times
  • The average score is 47 of 83

Answer Stats

CountySeat% Correct
WayneDetroit
100%
GeneseeFlint
100%
KentGrand Rapids
100%
WashtenawAnn Arbor
93%
BayBay City
93%
ChippewaSault Ste. Marie
93%
_________Kalamazoo
86%
Grand TraverseTraverse City
86%
_________Marquette
79%
_______Saginaw
79%
WexfordCadillac
71%
OtsegoGaylord
71%
DickinsonIron Mountain
71%
_______Jackson
71%
OaklandPontiac
71%
St. ClairPort Huron
71%
BerrienSt. Joseph
71%
HuronBad Axe
64%
BranchColdwater
64%
DeltaEscanaba
64%
______Monroe
64%
IsabellaMt. Pleasant
64%
LenaweeAdrian
57%
______Alpena
57%
LakeBaldwin
57%
BenzieBeulah
57%
TuscolaCaro
57%
EatonCharlotte
57%
ShiawasseeCorunna
57%
CrawfordGrayling
57%
OceanaHart
57%
LivingstonHowell
57%
GratiotIthaca
57%
BaragaL'Anse
57%
_______Midland
57%
OscodaMio
57%
MacombMt. Clemens
57%
AlgerMunising
57%
________Muskegon
57%
Van BurenPaw Paw
57%
EmmetPetoskey
57%
Presque IsleRogers City
57%
_________Roscommon
57%
ArenacStandish
57%
MontmorencyAtlanta
50%
GogebicBessemer
50%
MecostaBig Rapids
50%
CassCassopolis
50%
_________Hillsdale
50%
________Houghton
50%
_____Ionia
50%
________Kalkaska
50%
MissaukeeLake City
50%
CalhounMarshall
50%
InghamMason
50%
_________Menominee
50%
_________Ontonagon
50%
MackinacSt. Ignace
50%
ClintonSt. Johns
50%
IoscoTawas City
50%
_______Allegan
43%
AntrimBellaire
43%
__________Charlevoix
43%
KeweenawEagle River
43%
_______Gladwin
43%
OttawaGrand Haven
43%
______Lapeer
43%
MasonLudington
43%
________Manistee
43%
SchoolcraftManistique
43%
LuceNewberry
43%
SanilacSandusky
43%
LeelanauSuttons Bay Township
43%
OgemawWest Branch
43%
NewaygoWhite Cloud
43%
_________Cheboygan
36%
IronCrystal Falls
36%
ClareHarrison
36%
AlconaHarrisville
36%
BarryHastings
36%
OsceolaReed City
36%
MontcalmStanton
36%
St. JosephCentreville
21%

Score Distribution

Percentile by Number Answered

Percent of People with Each Score

Your Score History

You have not taken this quiz